Every one has his fault: : a comedy, in five acts. As it is performed at the Theatre Royal, Covent-Garden. /

Bibliographic Details
Main Author: Inchbald, Mrs., 1753-1821
Format: Book
Language:English
Edition:The sixth edition.

MARC

Tag First Indicator Second Indicator Subfields
LEADER 00000cam a2200000Ia 4500
001 in00002715768
005 20151202143049.0
008 090513s1794 enk 000 d eng d
035 |a (OCoLC)ocn320908307 
035 |a (OCoLC)320908307 
040 |a RA8  |c RA8  |e dcrm(b)  |d TXA  |d UtOrBLW 
043 |a e-uk-en 
049 |a TXAM 
090 |a PR3518  |b .A65 1794 
100 1 |a Inchbald,  |c Mrs.,  |d 1753-1821. 
245 1 0 |a Every one has his fault: :  |b a comedy, in five acts. As it is performed at the Theatre Royal, Covent-Garden. /  |c By Mrs. Inchbald. 
246 3 |a Everyone has his fault 
250 |a The sixth edition. 
264 3 |a London :  |b Printed for G.G. and J. Robinson, Paternoster-Row,  |c 1794. 
300 |a 4 unnumbered pages, 114 pages, 2 unnumbered pages ;  |c 22cm (octavo) 
336 |a text  |b txt  |2 rdacontent 
337 |a unmediated  |b n  |2 rdamedia 
338 |a volume  |b nc  |2 rdacarrier 
500 |a Signatures: [A]² B-P[superscript]4 Q² 
500 |a Press figures. 
590 |a The Cushing Library/Dawson French copy is bound with : School for scandal / Richard Brinsley Sheridan. [Dublin : J. Ewling, 1795?]--Shipwreck / Henry Mackenzie. [London : T. Cadell, 1784]--High life below stairs / James Townley. [London : Thomas Carnan, 1788]--Life's vagaries / John O'Keeffe. [London : G. Woodfall, 1795]--Wycherley's comedy of the Plain dealer / William Wycherley. [London : C. Lowndes, 1796]--Speculation / Frederick Reynolds. [London : T.N. Longman, 1795]--Pizarro / August von Kotzebue. [Londoon : James Ridgway, 1799]. 
710 2 |a G. G. and J. Robinson (Paternoster Row, London, England),  |e publisher. 
948 |a cataloged  |b h  |c 2011/9/15  |d c  |e hgolay  |f 10:16:44 am 
994 |a C0  |b TXA 
999 |a MARS 
999 f f |s 379cc461-a1cf-32fb-886c-48d2d17cab8c  |i 9ba230dc-180e-32f2-a3b1-47b95f7ba523  |t 0 
952 f f |p noncirc  |a Texas A&M University  |b College Station  |c Cushing Memorial Library & Archives  |d Cushing: Dawson French (Does not check out)  |t 0  |e PR3682 .S3 1795  |h Library of Congress classification  |i unmediated -- volume 
952 f f |a Texas A&M University  |b College Station  |c Cushing Memorial Library & Archives  |d Cushing: Dawson French (Does not check out)  |t 0  |e PR3682 .S3 1795  |h Library of Congress classification 
998 f f |a PR3682 .S3 1795  |t 0  |l Cushing: Dawson French (Does not check out)